=LDR 00000nam 2200000 4500 =001 INLIS000000000013599 =005 20130612104952 =008 ***********************************Ind** =035 ##$$0010-061300000013599 =041 ##$$a Ind =090 ##$$a 649.122, Ibr b =100 ##$$a Ibrahim, Saskia =245 ##$$a bay 2 ibu 6cDr. Saskia Ibrahim =260 ##$$a 2003 $b Jakarta =300 ##$$a 154 hlm, 20 cm =650 ##$$a Bayi - Perawatan =850 ##$$a NBPNMAT